Co to za roślina? #29 - Statystyki

Ogólne statystyki
  • Ten quiz został rozwiązany 15 razy
  • Średni wynik to 9 z 24
Statystyki odpowiedzi
Obrazkowy Hint Odpowiedź % Poprawnych
inaczej japońska wiśnia Sakura
100%
x pacyficzna Ajania
50%
inaczej Tojad mocny Akonit
50%
Fanelopsis / Ćmówka
50%
Gąsień
50%
(odmiana jabłek) Gloster
50%
inaczej Dziwidło Riviera Konjac
50%
marek x Kucmerka
50%
x słoniowa Miłonia
50%
x kosmata Ostrołódka
50%
Rzęst
50%
x hakowaty, x zakrzywiony Sierpowiec
50%
x tebańska Widlica
50%
x ospała Witania / Ashwagandha
50%
Zamia / Maczugowiec
50%
ślaz x Zygmarek
50%
x japońska Aukuba
0%
x smoczy Czarciuk
0%
x Mona Lisa Eszynantus
0%
x kanadyjski Gorzknik
0%
x kątowaty Kłębian
0%
x bukwicolisty Mekonops
0%
x księżycowy Podejźrzon
0%
x tatrzańska Sesleria
0%
Nie znaleziono quizów pasujących do podanych kryteriów
Rozkład punktacji
Procent ludzi z każdym wynikiem
Percentyl według liczby udzielonych odpowiedzi
Twoja historia wyników
Nie rozwiązałeś tego quizu